00297nam a2200121Ia 4500008004100000041000800041082001200049100002300061245002100084260003900105300002400144365000700168240624s9999 xx 000 0 und d aeng a823 CHA aCHASE JAMES HADLEY aIN A VAIN SHADOW c2000aNew DelhibMaster Mind Books a184 : p. : cm. ; 17 cRS